000 00584cam a22002053a 4500
001 33349
003 PGUSA
005 20140828083724.0
008 100804s2010||||xxu|||||s|||||000 | eng d
040 _aPGUSA
_beng
042 _adc
100 1 _aEvans, William,
_d1870-1950
245 1 4 _aThe Shepherd Psalm :
_bA Meditation
_h[electronic resource] /
_cWilliam Evans
260 _bProject Gutenberg,
_c2010
506 _aPublic domain in the USA.
516 _aElectronic text
830 0 _aProject Gutenberg
_v33349
856 4 0 _uhttp://www.gutenberg.org/ebooks/33349
942 _cEB
999 _c262604
_d262604